000 00469nam a2200181Ia 4500
008 100917s9999 xx 000 0 und d
082 _b58718
100 _aआफळे सुनिती
245 _aकेवडा
260 _bआरती प्रकाशन
_c1983
300 _a164
365 _b30
520 _aकादंबरी
630 _aकेवडा
650 _aकादंबरी
730 _aकेवडा
942 _cBOOK
999 _c664112
_d664109